Footprint reading library : level 3 /

Bibliographic Details
Other Authors: Waring, Rob
Format: CD Audio Book
Language:English
Published: [Boston] : Heinle Cengage Learning, [2009]
Series:Footprint reading library.
Subjects:

MARC

Tag First Indicator Second Indicator Subfields
LEADER 00000cim a2200000Ka 4500
001 in00003608621
005 20170928112611.0
007 sd fungnn|||||
008 090720s2009 maunnnn z j n eng d
020 |a 9781424044511 
020 |a 1424044510 
035 |a (OCoLC)ocn426525092 
035 |a (OCoLC)426525092 
040 |a MHD  |b eng  |c MHD  |d OCLCF  |d OCLCO  |d TXA  |d UtOrBLW 
049 |a TXAM 
090 |a PE1126.N43  |b F93 2009 
245 0 0 |a Footprint reading library :  |b level 3 /  |c series ed., Rob Waring. 
264 1 |a [Boston] :  |b Heinle Cengage Learning,  |c [2009] 
264 4 |c ©2009 
300 |a 3 sound discs (160 min.) :  |b digital,  |c 4 3/4 in. 
336 |a spoken word  |b spw  |2 rdacontent 
337 |a audio  |b s  |2 rdamedia 
338 |a audio disc  |b sd  |2 rdacarrier 
490 1 |a Foothill Reading Library. Level 3 
500 |a Audio program includes the following Footprint Reading Library Readers: Birds in Paradise -- Cambodia Animal Rescue -- Night Hunt -- The Adventure Capital of the World -- Butler School -- One Village Makes a Difference -- Living with a Volcano -- One Boy's Journey -- A Real Winner -- Dangerous Dining -- Flying Pumpkins! -- Making a Deal -- Killer Bees! -- The Missing Snows of Kilimanjaro -- Wind Power. 
500 |a CDs contain the audio for all 15 of the Level 3 reader books. 
500 |a Sound recording. 
650 0 |a Readers (Adult)  |0 http://id.loc.gov/authorities/subjects/sh85111653 
650 0 |a Readers for new literates.  |0 http://id.loc.gov/authorities/subjects/sh85111657 
650 7 |a Readers (Adult)  |2 fast  |0 (OCoLC)fst01090599 
650 7 |a Readers for new literates.  |2 fast  |0 (OCoLC)fst01090614 
700 1 |a Waring, Rob.  |0 http://id.loc.gov/authorities/names/n94039387 
830 0 |a Footprint reading library.  |n Level 2.  |n Level 3. 
948 |a cataloged  |b h  |c 2016/9/15  |d c  |e kwilliams  |f 3:11:25 pm 
994 |a C0  |b TXA 
999 f f |s f4496f3f-8452-351a-9800-ccb052a68847  |i 5ed77cd0-acf2-3848-b7a7-c4c6ff2984fc  |t 0 
952 f f |p normal  |a Texas A&M University  |b College Station  |c Sterling C. Evans Library  |d Evans: Library Stacks  |t 0  |e PE1126.N43 F93 2009  |h Library of Congress classification  |i audio -- audio disc  |m A14843679961 
998 f f |a PE1126.N43 F93 2009  |t 0  |l Evans: Library Stacks